Catálogo

El teatro del engaño : (Registro nro. 69962)

Detalles MARC
000 -LEADER
fixed length control field 01341cam a2200361 i 4500
001 - CONTROL NUMBER
control field 69962
003 - CONTROL NUMBER IDENTIFIER
control field Mx-PuUPA
005 - DATE AND TIME OF LATEST TRANSACTION
control field 20250310101404.0
008 - FIXED-LENGTH DATA ELEMENTS--GENERAL INFORMATION
fixed length control field 221019s2015 mx a gr 000 0 spa d
020 ## - INTERNATIONAL STANDARD BOOK NUMBER
International Standard Book Number 9786073145497
040 ## - CATALOGING SOURCE
Original cataloging agency Mx-PuUPA
Transcribing agency Mx-PuUPA
Language of cataloging spa
Modifying agency Mx-PuUPA
Description conventions rda
041 0# - LANGUAGE CODE
Language code of text/sound track or separate title spa
100 1# - MAIN ENTRY--PERSONAL NAME
Personal name Steels, Emmanuelle,
Dates associated with a name 1976-
9 (RLIN) 16643
Relator term autor
245 13 - TITLE STATEMENT
Title El teatro del engaño :
Remainder of title buscando a los Zodiaco, la banda de secuestradores que nunca existió /
Statement of responsibility, etc. Emmanuelle Steels
250 ## - EDITION STATEMENT
Edition statement Primera edición /
Remainder of edition statement julio
264 #1 - PRODUCTION, PUBLICATION, DISTRIBUTION, MANUFACTURE, AND COPYRIGHT NOTICE
Place of production, publication, distribution, manufacture Ciudad de México :
Name of producer, publisher, distributor, manufacturer Penguin Random House Grupo Editorial,
Date of production, publication, distribution, manufacture, or copyright notice ©2015
300 ## - PHYSICAL DESCRIPTION
Extent 326 páginas :
Other physical details ilustraciones ;
Dimensions 19 cm
336 ## - CONTENT TYPE
Fuente rdacontent
Content type term texto
Content type code txt
337 ## - MEDIA TYPE
Source rdamedia
Media type term sin medio
Media type code n
338 ## - CARRIER TYPE
Source rdacarrier
Carrier type term volumen
Carrier type code nc
490 0# - SERIES STATEMENT
Series statement Colección México Roto
600 14 - SUBJECT ADDED ENTRY--PERSONAL NAME
Personal name Vallarta Cisneros, Israel
General subdivision Encarcelamiento
600 14 - SUBJECT ADDED ENTRY--PERSONAL NAME
Personal name Cassez, Florence,
Dates associated with a name 1974
General subdivision Encarcelamiento
600 34 - SUBJECT ADDED ENTRY--PERSONAL NAME
Personal name Familia Vallarta
650 #7 - SUBJECT ADDED ENTRY--TOPICAL TERM
9 (RLIN) 13986
Source of heading or term armarc
Topical term or geographic name entry element Secuestro
Geographic subdivision México
650 #7 - SUBJECT ADDED ENTRY--TOPICAL TERM
Source of heading or term armarc
Topical term or geographic name entry element Encarcelamiento ilegal
Geographic subdivision México
650 #7 - SUBJECT ADDED ENTRY--TOPICAL TERM
Source of heading or term armarc
Topical term or geographic name entry element Pandilla
Geographic subdivision México
942 ## - ADDED ENTRY ELEMENTS (KOHA)
Source of classification or shelving scheme Dewey Decimal Classification
Koha item type Libro
Classification part 364.10660972
Item part S75
Existencias
Withdrawn status Lost status Source of classification or shelving scheme Damaged status Not for loan Collection code Home library Current library Shelving location Date acquired Source of acquisition Total Checkouts Full call number Barcode Date last seen Price effective from Koha item type
    Dewey Decimal Classification     General Biblioteca Karol Wojtyla Biblioteca Karol Wojtyla Sala general 03/12/2013 Donación   364.10660972 S75 2015 47555 05/01/2026 03/12/2013 Libro